Maltrato infantil y salud mental /
Zapisane w:
| 1. autor: | |
|---|---|
| Format: | Texto |
| Etykiety: |
Dodaj etykietę
Nie ma etykietki, Dołącz pierwszą etykiete!
|
MARC
| LEADER | 00000 a a2200000 04500 | ||
|---|---|---|---|
| 001 | 3231 | ||
| 003 | |||
| 040 | |||
| 100 | |a Pinos Abad, Guido | ||
| 245 | |a Maltrato infantil y salud mental / |c Guido Pinos Abad | ||
| 773 | |g número 6; páginas 83-95 | ||
| 999 | |c 23844 |d 23844 | ||
